| 000 | 00496nam a2200181 a 4500 | ||
|---|---|---|---|
| 005 | 20240601063702.0 | ||
| 008 | 991125s1971 alc 000 0 spa u | ||
| 035 | _aUPN01000049656 | ||
| 049 | _aCG | ||
| 050 | 4 |
_aLB1051 _bS6.68 1971 |
|
| 100 | 1 | _aSmith, Henry P. | |
| 245 | 1 | 0 |
_aPsicología pedagógica / _cHenry P. Smith ; tr. Isaías Acarreta Arnedo. |
| 250 | _a2a ed. | ||
| 260 |
_aAlcoy (Esp.) : _bMarfil, _c1971. |
||
| 300 | _a435 p. | ||
| 650 | 4 |
_aPsicopedagogía _95085 |
|
| 905 | _aLibro | ||
| 999 |
_c49656 _d49656 |
||